000
00289nam a2200121Ia 4500
005
20251222154314.0
008
251222s9999||||xx |||||||||||||| ||spa||
020
_a
84-7461-251-9
082
_a
848.57/V84C
100
_a
"Voltaire, Francois"
245
0
_a
Cándido. El ingenio
942
_c
LIB
999
_c
33525
_d
33525